Biggest Cities in Canterbury - Statistics

General Stats
  • This quiz has been taken 34 times
  • The average score is 12 of 21
Answer Stats
Population Settlement % Correct
377,200 Christchurch
100%
16,350 Rolleston
88%
19,600 Ashburton
81%
18,400 Rangiora
81%
28,300 Timaru
81%
6,030 Lincoln
73%
2,900 Darfield
69%
2,210 Kaikōura
65%
3,040 Lyttelton
65%
11,850 Kaiapoi
62%
2,200 Oxford
54%
4,580 Temuka
54%
2,630 Geraldine
50%
1,890 Methven
42%
4,350 Prebbleton
42%
3,420 Waimate
42%
2,060 West Melton
42%
3,100 Woodend
38%
2,080 Pegasus
35%
1,800 Amberley
31%
2,070 Leeston
23%
No matching quizzes found
Score Distribution
Percent of People with Each Score
Percentile by Number Answered
Your Score History
You have not taken this quiz